000 00500cam a22001457a 4500
008 180718b1998 xxu||||| |||| 00| 0 eng d
082 _aAPPPA 97-98 SRI/24
100 _aSrivastava, Bipin Bihari
245 _aPublic enterprises selection board: a study of its role
_cby Bipin Bihari Srivastava
260 _aNew Delhi
_bIndian Institute of Public Administration
_c1998
300 _a81p.
500 _aAn APPPA M.Phil. dissertation, 1997-98
650 _aAPPPA
650 _aPublic sector enterprises
999 _c485656
_d485656